Dizionario di Scienze Storiche (Record no. 37083)

MARC details
000 -LEADER
fixed length control field 00995nam a2200277Ia 4500
003 - CONTROL NUMBER IDENTIFIER
control field IT-RoPAU
005 - DATE AND TIME OF LATEST TRANSACTION
control field 20220918175930.0
008 - FIXED-LENGTH DATA ELEMENTS--GENERAL INFORMATION
fixed length control field 120407s9999 xx 000 0 und d
040 ## - CATALOGING SOURCE
Original cataloging agency IT-RoPAU
Transcribing agency IT-RoPAU
040 ## - CATALOGING SOURCE
Transcribing agency IT-RoPAU
041 ## - LANGUAGE CODE
Language code of text/sound track or separate title ita
100 ## - MAIN ENTRY--PERSONAL NAME
Personal name Burguière André
9 (RLIN) 33980
245 ## - TITLE STATEMENT
Title Dizionario di Scienze Storiche
260 ## - PUBLICATION, DISTRIBUTION, ETC. (IMPRINT)
Date of publication, distribution, etc. 1992
Place of publication, distribution, etc. Cinisello Balsamo
Name of publisher, distributor, etc. Edizioni Paoline
300 ## - PHYSICAL DESCRIPTION
Extent 878 p.
300 ## - PHYSICAL DESCRIPTION
Dimensions 22 cm
490 ## - SERIES STATEMENT
Series statement I Dizionari
490 ## - SERIES STATEMENT
Volume/sequential designation 115
500 ## - GENERAL NOTE
General note Edizione italiana a cura di Franco Pierini.
520 ## - SUMMARY, ETC.
Summary, etc. Premessa; Presentazione dell'edizione italiana; Direzione e collaboratori; Elenco delle abbreviazioni; Proposta di lettura sistematica; Dizionario di scienze storiche; Indice analitico; Indice delle voci.
600 ## - SUBJECT ADDED ENTRY--PERSONAL NAME
Personal name "1. Storia ISBN 88 - 215 - 2528 - 7 CDU 035 23/15 000277"
9 (RLIN) 33981
700 ## - ADDED ENTRY--PERSONAL NAME
Personal name Franco Pierini
9 (RLIN) 33982
700 ## - ADDED ENTRY--PERSONAL NAME
Titles and other words associated with a name a cura di
9 (RLIN) 23181
942 ## - ADDED ENTRY ELEMENTS (KOHA)
Koha item type LIBRO
Source of classification or shelving scheme Dewey Decimal Classification
Holdings
Withdrawn status Lost status Source of classification or shelving scheme Damaged status Not for loan Home library Current library Date acquired Total Checkouts Full call number Date last seen Price effective from Koha item type Public note
    Dewey Decimal Classification Buone Condizioni Not For Loan PAULUS-BIBLIOTECA PAULUS-BIBLIOTECA 11/04/2012   EP 02C15 11/04/2012 11/04/2012 LIBRO  
    Dewey Decimal Classification Buone Condizioni Not For Loan PAULUS-BIBLIOTECA PAULUS-BIBLIOTECA 11/04/2012   EP 02C15 11/04/2012 11/04/2012 LIBRO Inserito da: Jole In data: 22 luglio 2011 fondo: Via A.Severo 56 Progr:6628
CREDITS: SOCIETA' SAN PAOLO Via A.Severo, 58 - ROMA (RM) & PERIODICI SAN PAOLO SRL Via Giotto, 36 MILANO & CISF Via Giotto, 36 MILANO & EDIZIONI SAN PAOLO SRL,  Piazza Soncino, 5 CINISELLO BALSAMO (MI) -- ITALY